000 00299nam a22001337a 4500
008 170316b xxu||||| |||| 00| 0 eng d
020 _a0815163509
041 _aeng
080 _a616.8
100 _a7
101 _aSHM
245 _aLITTLE BLACK BOOK OF NEUROLOGY
_cTHURSTON, S.E
942 _2udc
_cBK
999 _c7984
_d7984